000 01138nam a22003257a 4500
003 CHAP
005 20220329133710.0
008 971013s1980 r 00010 d
010 _a9654
011 _a10626
035 _a9864
040 _cCHAP
090 _aFolleto 6834 (1980)
100 0 0 _aAcademia de Ciencias de Cuba.
_9363
245 _aReunión de trabajo sobre mejoramiento de plantas (2a.)
260 _aLa Habana :
_bAcademia de Ciencias de Cuba,
_c1980
300 _a24 p.
490 _aAcademia de Ciencias de Cuba. Informe científico-técnico
_v; 108
590 _aBATCH-UPD
_b10
_c20130110
_lUCH01
_h0155
590 _aBATCH-UPD
_b10
_c20130110
_lUCH01
_h2235
590 _aBATCH-UPD
_b10
_c20130409
_lUCH01
_h2156
590 _aBATCH-UPD
_b10
_c20130410
_lUCH01
_h1530
590 _aBATCH-UPD
_b10
_c20130914
_lUCH01
_h1917
590 _aCONVERSION
_b10
_c20130109
_lUCH01
_h1306
650 1 4 _aPlantas
_xMejoramiento
_xInvestigación.
_988854
830 0 _aAcademia de Ciencias de Cuba. Informe cientifico-tecnico
_v; 108
_9365
901 _aBK
942 _cFOLL
949 _aFolleto 6834 (1980)
_bBC
_cESP
_d-20979
_eESP
_i9864
_si
999 _c9654
_d9654